logo

Bir Sreshtho Munshi Abdur Rouf Library
Jhenaidah Cadet College

Africa : (Record no. 9835)

MARC details
000 -LEADER
fixed length control field 00779cam a2200241 a 4500
001 - CONTROL NUMBER
JCCL Control Number 9835
003 - CONTROL NUMBER IDENTIFIER
JCCL marc code BD-JhCC
005 - DATE AND TIME OF LATEST TRANSACTION
control field 20180402090723.0
008 - FIXED-LENGTH DATA ELEMENTS--GENERAL INFORMATION
fixed length control field 180402s1953 nyuab b 000 0 eng
035 ## - SYSTEM CONTROL NUMBER
system control number OCLC ocm00412250 from D961205M
-- (BD-JhCC)9835
040 ## - CATALOGING SOURCE
Original cataloging agency DLC
Transcribing agency WSU
Modifying agency BD-JhCC
041 ## - LANGUAGE CODE
Language code of Book eng
050 0# - LIBRARY OF CONGRESS CALL NUMBER
Classification number DT12
Item number .S7
082 ## - DEWEY DECIMAL CLASSIFICATION NUMBER
Classification number 916
Author mark and Year STA 1953
100 1# - MAIN ENTRY--PERSONAL NAME
Personal name Stamp, L. Dudley
Fuller form of name (Laurence Dudley),
Dates associated with a name 1898-1966.
245 10 - TITLE STATEMENT
Title Africa :
Remainder of title a study in tropical development /
Statement of responsibility, etc L. Dudley Stamp.
260 ## - PUBLICATION, DISTRIBUTION, ETC. (IMPRINT)
Place of publication, distribution, etc New York :
Name of publisher, distributor, etc Wiley ;
Place of publication, distribution, etc London :
Name of publisher, distributor, etc Chapman & Hall,
Date of publication, distribution, etc c1953.
300 ## - PHYSICAL DESCRIPTION
Pagination vii, 568 p. :
Other physical details ill., maps (part fold.) ;
Dimensions 24 cm.
504 ## - BIBLIOGRAPHY, ETC. NOTE
Bibliography, etc Bibliography at end of most of the chapters.
651 #0 - SUBJECT ADDED ENTRY--GEOGRAPHIC NAME
Geographic name Africa
General subdivision Description and travel.
942 ## - ADDED ENTRY ELEMENTS (KOHA)
Source of classification or shelving scheme Dewey Decimal Classification
Koha item type Reference
Holdings
Source of classification or shelving scheme Damaged status Not for loan Home library Current library Shelving location Date of accession Total Checkouts Full call number Barcode Date last seen Copy number Koha item type
Dewey Decimal Classification     JCC Rouf Library JCC Rouf Library General Stacks 04/02/2018   916 STA 1953 13319 04/02/2018 C-1 Reference

JCC Library | Contacts | JCC Home

Last Update on 23 September 2017
Copyright @ 2017-2020 JCC Rouf Library
Rouf Library, Jhenidah Cadet College (JCC), Bangladesh